Экономическая теория: учебник для вузов

Bibliographic Details
Other Authors: Добрынин А. И. Александр Иванович (редактор), Тарасевич Л. С. Леонид Степанович
Summary:Полный курс общей экономической теории по программам экономических вузов и факультетов. В учебнике излагаются закономерности и факторы экономического роста на микро-, макро- и мега-уровнях в условиях производства, воспроизводства и «длинной волны». Изложение экономических положений и проблем ведется с учетом взглядов и позиций видных зарубежных экономистов, а также отечественных ученых.
Language:Russian
Published: Санкт-Петербург, Питер, 2008
Edition:3-е изд., доп. и испр.
Series:Учебник для вузов
Subjects:
Format: Book
KOHA link:https://koha.lib.tpu.ru/cgi-bin/koha/opac-detail.pl?biblionumber=145358

MARC

LEADER 00000nam0a2200000 4500
001 145358
005 20231101221143.0
010 |a 9785804600373 
035 |a (RuTPU)RU\TPU\book\157561 
035 |a RU\TPU\book\113263 
090 |a 145358 
100 |a 20081016d2008 m y0rusy50 ca 
101 0 |a rus 
102 |a RU 
105 |a a j 001zy 
200 1 |a Экономическая теория  |e учебник для вузов  |f под ред. А. И. Добрынина, Л. С. Тарасевича 
205 |a 3-е изд., доп. и испр. 
210 |a Санкт-Петербург  |c Питер  |d 2008 
215 |a 544 с.  |c ил. 
225 1 |a Учебник для вузов 
320 |a Глоссарий: с. 502-542. 
330 |a Полный курс общей экономической теории по программам экономических вузов и факультетов. В учебнике излагаются закономерности и факторы экономического роста на микро-, макро- и мега-уровнях в условиях производства, воспроизводства и «длинной волны». Изложение экономических положений и проблем ведется с учетом взглядов и позиций видных зарубежных экономистов, а также отечественных ученых. 
451 1 |0 (RuTPU)RU\TPU\book\171179  |y 978-5-8046-0037-3  |t Экономическая теория  |o учебник для вузов  |f под ред. А. И. Добрынина, Л. С. Тарасевича  |e 4-е изд.  |c Санкт-Петербург  |n Питер  |d 2009  |p 560 с. 
451 1 |0 (RuTPU)RU\TPU\book\113263  |y 978-5-8046-0037-3  |t Экономическая теория  |o учебник для вузов  |f под ред. А. И. Добрынина, Л. С. Тарасевича  |e 3-е изд., доп. и испр.  |c Санкт-Петербург  |n Питер  |d 2007  |p 544 с.  |s Учебник для вузов 
606 |a Экономическая теория  |2 stltpush  |3 (RuTPU)RU\TPU\subj\26589  |9 50481 
610 1 |a экономика 
610 1 |a философия 
610 1 |a методология 
610 1 |a экономическое развитие 
610 1 |a экономическое равновесие 
610 1 |a экономическая система 
610 1 |a рыночная экономика 
610 1 |a совершенная конкуренция 
610 1 |a несовершенная конкуренция 
610 1 |a саморегулирование 
610 1 |a микроэкономика 
610 1 |a фирмы 
610 1 |a предпринимательство 
610 1 |a предпринимательский капитал 
610 1 |a издержки 
610 1 |a прибыль 
610 1 |a доходы 
610 1 |a заработная плата 
610 1 |a агропромышленное производство 
610 1 |a рента 
610 1 |a региональная экономика 
610 1 |a региональная политика 
610 1 |a макроэкономика 
610 1 |a накопление 
610 1 |a потребление 
610 1 |a сбережения 
610 1 |a валовой национальный продукт 
610 1 |a валовой внутренний продукт 
610 1 |a экономический рост 
610 1 |a национальная экономика 
610 1 |a экономические циклы 
610 1 |a человеческий капитал 
610 1 |a труд 
610 1 |a занятость 
610 1 |a безработица 
610 1 |a денежно-кредитная система 
610 1 |a рынок капитала 
610 1 |a рынок ценных бумаг 
610 1 |a инфляция 
610 1 |a антиинфляционная политика 
610 1 |a финансовая система 
610 1 |a финансовая политика 
610 1 |a государственное регулирование 
610 1 |a смешанная экономика 
610 1 |a экономические функции 
610 1 |a государство 
610 1 |a совокупные доходы 
610 1 |a социальная политика 
610 1 |a мирохозяйственные связи 
610 1 |a мировое хозяйство 
610 1 |a международная валютная система 
610 1 |a международная интеграция 
610 1 |a учебники 
686 |a У011я73  |v LBC/SL-A  |2 rubbk 
702 1 |a Добрынин  |b А. И.  |g Александр Иванович  |4 340 
702 1 |a Тарасевич  |b Л. С.  |g Леонид Степанович  |4 340 
801 1 |a RU  |b 63413507  |c 20061110  |g PSBO 
801 2 |a RU  |b 63413507  |c 20191206  |g PSBO 
900 |a Экономическая теория 
900 |a Рыночная экономика и основы предпринимательства 
900 |a Микроэкономика 
900 |a Макроэкономика 
900 |a Экономика 
942 |c BK 
952 |a 521600  |b 080100